| 000 | 01269nam a2200277Ia 4500 | ||
|---|---|---|---|
| 001 | 18017 | ||
| 003 | GE_BSU | ||
| 008 | 181216s||||||||xx |||||||||||||| ||und|| | ||
| 040 | _cGE_BSU | ||
| 080 | _a811.353(058) | ||
| 245 | _aქართველურ ენათა სტრუქტურის საკითხები = Вопросы структуры картвельских языков. [ტ.] 3. | ||
| 245 | _bკრებული | ||
| 245 | _cრედ. ვ.თოფურია. ივ. გიგინეიშვილი | ||
| 260 | _aთბილისი | ||
| 260 | _bსაქ. სსრ მეცნ. აკად. გამ-ბა | ||
| 260 | _c1959 | ||
| 300 | _a243 გვ. : 2 ფ. ილ.26სმ. | ||
| 300 | _eბიბლიოგრ.: გვ. 191-242 | ||
| 520 | _aრეზ. რუს. ენ. | ||
| 653 | _aВопросы структуры картвельских языков | ||
| 653 | _aკრებული | ||
| 653 | _aქართველურ ენათა სტრუქტურის საკითხები | ||
| 653 | _aქართველური ენები | ||
| 653 | _aქართველური ენები - ბიბლიოგრაფია; | ||
| 942 | _cBK | ||
| 999 |
_c51060 _d51060 |
||